00253nam a2200109 a 4500008004100000050001500041100001900056245003900075260000900114300001100123350000900134120416s1977 xx |||||||||||||| || u aTA 683 Bra aBranson, Dan E10aDeformation of concrete structures c1977 a: ill. a0.00